Financial Analysis of Comparable Companies

Guardado en:
Detalles Bibliográficos
Autor principal: Jankaj, Frederik, 1997-
Formato: Capítulo de libro
Lenguaje:eslovaco
Materias:
Etiquetas: Agregar Etiqueta
Sin Etiquetas, Sea el primero en etiquetar este registro!

MARC

LEADER 00000naa$a2200000$$$4500
001 0290344
005 20240502074447.9
041 0 |a slo 
044 |a SK 
245 1 0 |a Financial Analysis of Comparable Companies  |c Frederik Jankaj 
500 |a Abstrakt 
610 2 0 |a indexy 
610 2 0 |a bonita 
610 2 0 |a modely 
610 2 0 |a situácia finančná podniku 
610 2 0 |a spoločnosti 
610 2 0 |a riziko 
100 1 |a Jankaj, Frederik, 1997-